ՀՀ Գիտությունների ազգային ակադեմիայի հիմնարար գիտական գրադարան  =   Fundamental Scientific Library of NAS RA

Մանրանկարներ / (Record no. 110610)

MARC details
000 -LEADER
fixed length control field 01121nam a2200241 a 4500
001 - CONTROL NUMBER
control field 000300460
003 - CONTROL NUMBER IDENTIFIER
control field AM-YeHGA
005 - DATE AND TIME OF LATEST TRANSACTION
control field 20250924132857.0
008 - FIXED-LENGTH DATA ELEMENTS--GENERAL INFORMATION
fixed length control field 040117s1904 gs |||||||||||||||0|arm|d
040 ## - CATALOGING SOURCE
Original cataloging agency AM-YeHGA
041 0# - LANGUAGE CODE
Language code of text/sound track or separate title arm
100 1# - MAIN ENTRY--PERSONAL NAME
Personal name Քալանթար, Ալեքսանդր Հայրապետի,
Dates associated with a name 1855-1913
9 (RLIN) 1611
245 10 - TITLE STATEMENT
Title Մանրանկարներ /
Statement of responsibility, etc. Վրձին (Ալեքսանդր Հայրապետի Քալանթար).
260 ## - PUBLICATION, DISTRIBUTION, ETC.
Place of publication, distribution, etc. Թիֆլիս :
Name of publisher, distributor, etc. Электропечатня Груз. Изд. Т-ва ;
-- տպ. Վրաց. հրատ. ընկ,
Date of publication, distribution, etc. 1904.
300 ## - PHYSICAL DESCRIPTION
Extent հատոր
500 ## - GENERAL NOTE
General note Վրձին = Ալեքսանդր Հայրապետի Քալանթար
500 ## - GENERAL NOTE
General note 2 հատոր մի կազմի մեջ
505 00 - FORMATTED CONTENTS NOTE
Miscellaneous information Հ. 1 (1904; 520 էջ) ;
-- Հ. 2 (1904; 472 էջ)
650 14 - SUBJECT ADDED ENTRY--TOPICAL TERM
Topical term or geographic name entry element Հայ գրականություն
General subdivision Ակնարկ
9 (RLIN) 4573
856 41 - ELECTRONIC LOCATION AND ACCESS
Uniform Resource Identifier <a href="http://haygirk.nla.am/upload/1512-1940/1901-1940/manrankar1_1904.pdf">http://haygirk.nla.am/upload/1512-1940/1901-1940/manrankar1_1904.pdf</a>
Link text Կարդալ առցանց, Հ. 1
856 41 - ELECTRONIC LOCATION AND ACCESS
Uniform Resource Identifier <a href="http://haygirk.nla.am/upload/1512-1940/1901-1940/manrankar2_1904.pdf">http://haygirk.nla.am/upload/1512-1940/1901-1940/manrankar2_1904.pdf</a>
Link text Կարդալ առցանց, Հ. 2
942 ## - ADDED ENTRY ELEMENTS (KOHA)
Source of classification or shelving scheme Universal Decimal Classification
Koha item type Գրքեր / Books
Holdings
Withdrawn status Lost status Source of classification or shelving scheme Damaged status Not for loan Collection Home library Current library Date acquired Serial enumeration / chronology Total checkouts Full call number Barcode Date last seen Price effective from Koha item type Public note Cost, replacement price
    Universal Decimal Classification     Agulian Individual Collection Fundamental Scientific Library Fundamental Scientific Library 22/12/2016 Հ. 2   Ագուլ/927 FL0081476 22/12/2016 22/12/2016 Գրքեր / Books ILL Non-Circ.  
    Universal Decimal Classification     General Fundamental Scientific Library Fundamental Scientific Library 22/12/2016 Հ. 1   AII/1 FL0030748 22/12/2016 22/12/2016 Գրքեր / Books 30 Days Loan  
    Universal Decimal Classification     General Fundamental Scientific Library Fundamental Scientific Library 22/12/2016 Հ. 2   AII/2 FL0030749 22/12/2016 22/12/2016 Գրքեր / Books 30 Days Loan  
    Universal Decimal Classification     General Fundamental Scientific Library Fundamental Scientific Library 22/12/2016 Հ. 2   AII/2839 FL0027395 22/12/2016 22/12/2016 Գրքեր / Books 30 Days Loan 1.00
    Universal Decimal Classification     General Fundamental Scientific Library Fundamental Scientific Library 22/12/2016 Հ. 1   AII/30212 220030212 22/12/2016 22/12/2016 Գրքեր / Books 30 Days Loan  
    Universal Decimal Classification     General Fundamental Scientific Library Fundamental Scientific Library 22/12/2016 Հ. 1   AII/38139 220038139 22/12/2016 22/12/2016 Գրքեր / Books 30 Days Loan  
    Universal Decimal Classification     General Fundamental Scientific Library Fundamental Scientific Library 22/12/2016 Հ. 1   AII/53317 220053317 22/12/2016 22/12/2016 Գրքեր / Books 30 Days Loan  
    Universal Decimal Classification     General Fundamental Scientific Library Fundamental Scientific Library 22/12/2016 Հ. 1   AII/53318 220053318 22/12/2016 22/12/2016 Գրքեր / Books 30 Days Loan  
    Universal Decimal Classification     Kusikian Individual Collection Fundamental Scientific Library Fundamental Scientific Library 22/12/2020 Հ. 1   Կուս/1604 FL0629671 22/12/2020 22/12/2020 Գրքեր / Books ILL Non-Circ.  
    Universal Decimal Classification     Kusikian Individual Collection Fundamental Scientific Library Fundamental Scientific Library 03/06/2025 Հ. 2   Կուս/1605 FL0689197 03/06/2025 03/06/2025 Գրքեր / Books    


ՀՀ ԳԱԱ հիմնարար գիտական գրադարան
ՀՀ,Երևան 0019
Մարշալ Բաղրամյան 24/6
հեռախոս:(374-10) 52-47-50
Հետադարձ կապ

All site content, except where otherwise noted, is licensed under a
Creative Commons License